000 00616nam a2200193 a 4500
005 20240924065119.0
008 991125s1981 fr 000 0 fre u
035 _aUPN01000042709
049 _aUNE
050 4 _aLB1567
_bL9.6
100 1 _aLyons, Raymond F.,
_dm. 1990
_936049
245 1 4 _aThe organisation of education in remote rural areas /
_cRaymond F. Lyons.
260 _aParís :
_bUNESCO, International Institute for Educational Planning,
_c1981.
300 _a302 p.
650 4 _aEDUCACION -
_zNEPAL
_917289
650 4 _aEDUCACION -
_zSUDAN
_915519
650 4 _aEducación rural
_99764
905 _aLibro
999 _c42709
_d42709